000 00545nam a2200181Ia 4500
005 20250326130826.0
008 250326s9999 xx 000 0 und d
037 _aTextbook
040 _aFMSL
_beng
_cFMSL
041 _aeng
_2eng
084 _aB28obX:8 Q6
_qFMSL
100 _aJessop A
_9741475
245 0 _aStatsNotes
_cJessop Alan
260 _a5 Toh Tuck Link
_b5 Toh Tuck Link, Singapore 596224 World Scientific Publishing Co. Pte. Ltd
_c2016
300 _a309p
942 _cTB
_hB28obX:8 Q6
999 _c1284270
_d1284270